Central Library OPAC University of Rajshahi

The origins of the War of 1914 / (Record no. 24631)

MARC details
000 -LEADER
fixed length control field 01407cam a2200301 a 4500
001 - CONTROL NUMBER
control field 24631
003 - CONTROL NUMBER IDENTIFIER
rucl marc code BD-RjUL
005 - DATE AND TIME OF LATEST TRANSACTION
control field 20211209001057.0
008 - FIXED-LENGTH DATA ELEMENTS--GENERAL INFORMATION
fixed length control field 140315m1953 enkb b 001 0 eng d
035 ## - SYSTEM CONTROL NUMBER
System control number (BD-RjUL) 24700
040 ## - CATALOGING SOURCE
Original cataloging agency DLC
Transcribing agency URB
Modifying agency OCL
-- m.c
-- OCL
-- BD-RjUL
Language of cataloging eng
041 1# - LANGUAGE CODE
Language code of text/sound track or separate title eng
Language code of original ita
082 ## - DEWEY DECIMAL CLASSIFICATION NUMBER
Classification number 940.311
Author mark and year ALO 1953
100 1# - MAIN ENTRY--PERSONAL NAME
Personal name Albertini, Luigi,
Dates associated with a name 1871-1941.
9 (RLIN) 72531
245 14 - TITLE STATEMENT
Title The origins of the War of 1914 /
Statement of responsibility, etc. Luigi Albertini ; translated and edited by Isabella M. Massey.
Number of part/section of a work Volume 2
Name of part/section of a work The crisis of july 1914. From the Sarajevo outrage to the Austro-Hungarian general Mobilization
260 ## - PUBLICATION, DISTRIBUTION, ETC. (IMPRINT)
Place of publication, distribution, etc. London :
Name of publisher, distributor, etc. Oxford University Press,
Date of publication, distribution, etc. 1953
300 ## - PHYSICAL DESCRIPTION
Pagination xvi, 727 p. :
Illustrations fold. maps ;
Size 26 cm.
504 ## - BIBLIOGRAPHY, ETC. NOTE
Bibliography, etc Includes bibliographies and index.
505 0# - FORMATTED CONTENTS NOTE
Formatted contents note v. 1. European relations from the Congress of Berlin to the eve of the Sarajevo murder.--v. 2. The crisis of July 1914. From the Sarajevo outrage to the Austro-Hungarian general mobilization.--v. 3. The epilogue of the crisis of July 1914. The declarations of war and of neutrality.
650 #0 - SUBJECT ADDED ENTRY--TOPICAL TERM
Topical term or geographic name as entry element World War, 1914-1918
General subdivision Causes.
9 (RLIN) 72532
Topical term or geographic name as entry element World War, 1914-1918
General subdivision Diplomatic history.
9 (RLIN) 72533
651 #0 - SUBJECT ADDED ENTRY--GEOGRAPHIC NAME
Geographic name Europe
General subdivision Politics and government
Chronological subdivision 1871-1918.
9 (RLIN) 72534
700 ## - ADDED ENTRY--PERSONAL NAME
Personal name Isabella M. Massey.
942 ## - ADDED ENTRY ELEMENTS (KOHA)
Source of classification or shelving scheme Dewey Decimal Classification
Koha item type Books
Holdings
Lost status Source of classification or shelving scheme Materials specified (bound volume or other part) Damaged status Not for loan Collection code Permanent Location Current Location Shelving location Date acquired Source of acquisition Cost, normal purchase price Total Checkouts Full call number Date last seen Copy number Koha item type
  Dewey Decimal Classification V-2   Added to bundle Non-fiction Central Library, University of Rajshahi Central Library, University of Rajshahi Reading Room 18/12/1957 Park. American Communicate 48.00   940.311 ALO 1953 15/03/2014 C-1 Books
  Dewey Decimal Classification       Non-fiction Central Library, University of Rajshahi Central Library, University of Rajshahi   09/08/1955 O. U. P. 31.80   940.311 ALO 1953 22/03/2014 C-2 Books